[Event "SR 2. liga A 2002/2003"]
[Site "?"]
[Date "2002.11.10"]
[Round "4.6"]
[White "Zacik, Anton"]
[Black "Kovarik, Oto"]
[Result "1/2-1/2"]
[WhiteElo "2113"]
[BlackElo "2103"]
[PlyCount "47"]
[EventDate "2002.??.??"]

1. e4 c5 2. Nf3 d6 3. d4 cxd4 4. Nxd4 Nc6 5. Nc3 Nf6 6. Bg5 e5 7. Ndb5 a6 8.
Bxf6 gxf6 9. Na3 b5 10. Nd5 Be6 11. c3 Bg7 12. Nc2 O-O 13. Nce3 Ne7 14. Bd3 Rb8
15. O-O Kh8 16. Qh5 Rg8 17. f4 Qf8 18. fxe5 fxe5 19. Nxe7 Qxe7 20. Nf5 Qd7 21.
Rf3 Bf6 22. Raf1 Rg5 23. Qh6 Rg6 24. Qh5 1/2-1/2

[Event "SR 2. liga A 2002/2003"]
[Site "?"]
[Date "2002.11.10"]
[Round "4.7"]
[White "Fidericky, Milan"]
[Black "Galan, Anton"]
[Result "1-0"]
[WhiteElo "1806"]
[BlackElo "1966"]
[PlyCount "99"]
[EventDate "2002.??.??"]

1. Nf3 c5 2. c4 Nf6 3. Nc3 d5 4. cxd5 Nxd5 5. Qb3 Nb6 6. d3 Nc6 7. Be3 e5 8.
Ng5 Qd7 9. g3 h6 10. Nge4 Nd4 11. Qd1 Qc6 12. f3 f5 13. Nd2 Be6 14. b3 Be7 15.
Bg2 O-O 16. Nc4 Nd7 17. O-O Rae8 18. f4 Qc7 19. fxe5 Bxc4 20. bxc4 Qxe5 21. Bf4
Qf6 22. Bxb7 Nf3+ 23. Bxf3 Qxc3 24. Qa4 Ne5 25. Bd5+ Nf7 26. Qxa7 Qd4+ 27. Kg2
Bf6 28. Rae1 Re7 29. Qb6 Kh7 30. Qb3 g5 31. Bd2 Nd6 32. e3 Qe5 33. Qc2 Rb8 34.
Rb1 Ree8 35. Rxb8 Rxb8 36. Rb1 Rxb1 37. Qxb1 f4 38. d4+ Qf5 39. Qxf5+ Nxf5 40.
exf4 Nxd4 41. fxg5 hxg5 42. Kf2 Kg7 43. Ke3 Bd8 44. Bc3 Bb6 45. a4 Kf6 46. g4
Ke5 47. a5 Bc7 48. Be4 Kf6 49. a6 Bb6 50. Ba5 1-0

[Event "SR 2. liga A 2002/2003"]
[Site "?"]
[Date "2002.11.10"]
[Round "4.7"]
[White "Mihalik, Anton"]
[Black "Dzavik, Jozef"]
[Result "0-1"]
[WhiteElo "1939"]
[BlackElo "1997"]
[PlyCount "136"]
[EventDate "2002.??.??"]

1. e4 e6 2. d4 d5 3. Nd2 c5 4. exd5 exd5 5. Ngf3 Nc6 6. Bb5 Bd6 7. O-O Nge7 8.
dxc5 Bxc5 9. Nb3 Bd6 10. Re1 O-O 11. Bg5 Qc7 12. h3 Bf5 13. Nbd4 Nxd4 14. Nxd4
Bg6 15. Bd3 a6 16. Qf3 Bxd3 17. Qxd3 Qd7 18. Rad1 Rad8 19. Re2 h6 20. Bh4 g5
21. Bg3 Bxg3 22. Qxg3 Ng6 23. Red2 Rfe8 24. Ne2 Qb5 25. Nc3 Qc6 26. Qf3 Nh4 27.
Qg3 d4 28. Ne2 Qb5 29. Nxd4 Qxb2 30. c3 Qb6 31. Qg4 Qg6 32. Qg3 Qe4 33. f3 Qe3+
34. Qf2 Qxc3 35. g3 Rxd4 36. Rxd4 Nxf3+ 37. Kg2 Nxd4 38. Rxd4 Qc6+ 39. Kh2 Qb5
40. Rd2 Qc6 41. Qd4 Qf3 42. Qb2 h5 43. Rf2 Qe3 44. Qf6 Qe7 45. Qh6 h4 46. gxh4
Qe5+ 47. Kg2 Re6 48. Qh5 Rg6 49. Qf3 gxh4+ 50. Kh1 Qe6 51. Rg2 Qe1+ 52. Kh2
Rxg2+ 53. Kxg2 Qg3+ 54. Qxg3+ hxg3 55. Kxg3 Kg7 56. Kf4 b5 57. a3 a5 58. Ke5 b4
59. axb4 axb4 60. Kd4 Kg6 61. Kc4 Kg5 62. Kxb4 Kh4 63. Kc4 Kxh3 64. Kd4 Kg4 65.
Ke3 f5 66. Kf2 Kf4 67. Ke2 Kg3 68. Kf1 Kf3 0-1

[Event "SR 2. liga A 2002/2003"]
[Site "?"]
[Date "2002.11.10"]
[Round "4.7"]
[White "Nicolini, Alexander"]
[Black "Mikulas, Dusan"]
[Result "1-0"]
[WhiteElo "2100"]
[BlackElo "2154"]
[PlyCount "97"]
[EventDate "2002.??.??"]

1. e4 e5 2. Nf3 Nc6 3. d4 exd4 4. Nxd4 Bc5 5. Be3 Qf6 6. c3 Nge7 7. Bc4 Qg6 8.
O-O a6 9. Nd2 Ba7 10. f4 Na5 11. Be2 d5 12. Bh5 Qd6 13. e5 Qh6 14. Qe2 Nf5 15.
Nxf5 Bxf5 16. Bxa7 Rxa7 17. Bf3 Qb6+ 18. Qf2 Qxf2+ 19. Kxf2 O-O 20. b4 Nc4 21.
Nxc4 dxc4 22. Rfd1 b5 23. Rd5 Be6 24. Rc5 Rd8 25. a4 bxa4 26. Rxa4 Rd2+ 27. Ke1
Rc2 28. Ra3 g6 29. Be4 Rb2 30. Rca5 Rb3 31. Kd2 Rxa3 32. Rxa3 Bd7 33. Ke3 Bb5
34. Ra2 Kf8 35. g4 Ke7 36. f5 c6 37. Rd2 a5 38. bxa5 Rxa5 39. Rd6 Ra3 40. f6+
Ke8 41. Kd4 Ra6 42. g5 Ra2 43. Kc5 Rxh2 44. Kb6 Ra2 45. Bf3 Ra6+ 46. Kb7 Ra3
47. Bg4 Rxc3 48. Bd7+ Kf8 49. Bf5 1-0

[Event "SR 2. liga A 2002/2003"]
[Site "?"]
[Date "2002.11.10"]
[Round "4.7"]
[White "Samko, Karol"]
[Black "Hrncar, Lubomir"]
[Result "0-1"]
[WhiteElo "1982"]
[BlackElo "2021"]
[PlyCount "78"]
[EventDate "2002.??.??"]

1. e4 e6 2. d3 d5 3. Nd2 Nf6 4. Ngf3 c5 5. g3 Nc6 6. Bg2 b6 7. O-O Bb7 8. Re1
Be7 9. e5 Nd7 10. Nf1 Qc7 11. Qe2 Rc8 12. c3 b5 13. Bf4 a5 14. N1d2 h6 15. h4
Ba6 16. Rac1 Nb6 17. Bf1 a4 18. b3 axb3 19. axb3 Ra8 20. Ra1 Kd7 21. Ra2 Ra7
22. Rea1 Rha8 23. Bg2 Bc8 24. Nf1 c4 25. dxc4 bxc4 26. bxc4 Nxc4 27. Rxa7 Rxa7
28. Rxa7 Qxa7 29. Ne3 Qa1+ 30. Bf1 Qxc3 31. Nxc4 dxc4 32. Qd2+ Qxd2 33. Nxd2 c3
34. Ne4 Bb4 35. Bd3 Nd4 36. Be3 Nf3+ 37. Kf1 Nxe5 38. Bc2 Ba6+ 39. Ke1 Nc6 0-1

[Event "SR 2. liga A 2002/2003"]
[Site "?"]
[Date "2002.11.10"]
[Round "4.7"]
[White "Skapikova, Lubica"]
[Black "Antala, Jan"]
[Result "0-1"]
[WhiteElo "2057"]
[BlackElo "1934"]
[PlyCount "40"]
[EventDate "2002.??.??"]

1. e4 d5 2. exd5 Nf6 3. d4 Qxd5 4. Nf3 Bg4 5. Be2 Nc6 6. c3 O-O-O 7. O-O {R}
Qh5 8. Qc2 e5 9. dxe5 Nxe5 10. Nbd2 Bd6 11. h4 Rhe8 12. Qa4 Kb8 13. Ne4 Nxe4
14. Nxe5 Qxe5 15. f4 Bc5+ 16. Kh2 Qh5 17. Bxg4 Qxh4+ 18. Bh3 Qg3+ 19. Kh1 Nf2+
20. Rxf2 Re1+ 0-1

[Event "SR 2. liga A 2002/2003"]
[Site "?"]
[Date "2002.11.10"]
[Round "4.7"]
[White "Syc, Marian"]
[Black "Antol, Ladislav"]
[Result "0-1"]
[WhiteElo "1900"]
[BlackElo "2039"]
[PlyCount "73"]
[EventDate "2002.??.??"]

1. c4 Nf6 2. Nc3 g6 3. g3 Bg7 4. Bg2 O-O 5. e3 c6 6. Nge2 d5 7. cxd5 cxd5 8.
Qb3 e6 9. O-O Nc6 10. d3 Nd7 11. Bd2 a6 12. Rac1 Nc5 13. Qc2 Nb4 14. Qb1 Nbxd3
15. Rcd1 Ne5 16. Nxd5 exd5 17. Bb4 Qb6 18. Bxc5 Qxc5 19. Rxd5 Qe7 20. Rc1 Be6
21. Ra5 Bf5 22. e4 Bh6 23. Nf4 Qb4 24. Ra3 Be6 25. Nxe6 fxe6 26. Rb3 Qd4 27.
Rf1 b5 28. Qe1 Nc4 29. Qe2 Rad8 30. Bh3 Nd2 31. Bxe6+ Kh8 32. Rd1 Nf3+ 33. Qxf3
Qxd1+ 34. Qxd1 Rxd1+ 35. Kg2 Rd2 36. Ra3 Rfxf2+ 37. Kg1 0-1

[Event "SR 2. liga A 2002/2003"]
[Site "?"]
[Date "2002.11.10"]
[Round "4.8"]
[White "Hajtmanek, Stanislav"]
[Black "Jozefovic, Milan"]
[Result "1-0"]
[WhiteElo "1814"]
[BlackElo "1350"]
[PlyCount "113"]
[EventDate "2002.??.??"]

1. d4 d5 2. c4 e6 3. e3 Nf6 4. Nf3 Nc6 5. Nc3 h6 6. a3 Be7 7. Bd3 dxc4 8. Bxc4
O-O 9. O-O b6 10. Qe2 a6 11. Rd1 Na5 12. Ba2 Bb7 13. b4 Nc6 14. Bb2 Na7 15. e4
c6 16. Rac1 Nb5 17. Qc2 Nxc3 18. Bxc3 a5 19. Bb1 g6 20. Qe2 axb4 21. axb4 Nh7
22. Ne5 Bf6 23. f4 Bxe5 24. dxe5 Qe7 25. Rd6 Rfd8 26. Rcd1 Rxd6 27. exd6 Qd7
28. Qb2 f5 29. exf5 gxf5 30. Qb3 Kf7 31. Bxf5 Nf8 32. Be4 Ke8 33. Be5 Qf7 34.
Qc3 Kd7 35. Rc1 Rc8 36. Qf3 Ng6 37. b5 Nxe5 38. fxe5 Qxf3 39. Bxf3 cxb5 40.
Rxc8 Bxc8 41. Kf2 b4 42. Ke3 Ba6 43. Be2 Bb7 44. Bb5+ Kd8 45. g4 Bg2 46. h4 Bh3
47. g5 hxg5 48. hxg5 Bf5 49. Kd4 Bg6 50. Bd3 Bf7 51. g6 Bg8 52. Kc4 Kd7 53. Kb5
b3 54. Kxb6 b2 55. Be4 Kc8 56. Kc6 Kd8 57. d7 1-0

[Event "SR 2. liga A 2002/2003"]
[Site "?"]
[Date "2002.11.10"]
[Round "4.8"]
[White "Janecek, Jan"]
[Black "Bukovsky, Milan"]
[Result "1-0"]
[WhiteElo "1982"]
[BlackElo "2056"]
[PlyCount "75"]
[EventDate "2002.??.??"]

1. d4 Nf6 2. Nf3 e6 3. c4 d5 4. b3 Bb4+ 5. Bd2 Bxd2+ 6. Nbxd2 O-O 7. e3 Nbd7 8.
c5 e5 9. b4 exd4 10. Nxd4 Ne5 11. Be2 Bd7 12. h3 Qe7 13. Qc2 Nc6 14. Qc3 Ne4
15. Nxe4 dxe4 16. Rd1 Qg5 17. g3 Ne5 18. a3 a6 19. Rd2 Rad8 20. Qc2 Qg6 21. Qc3
Qf6 22. Qc2 Nf3+ 23. Bxf3 exf3 24. h4 Bb5 25. a4 Be2 26. Nxe2 Rxd2 27. Kxd2
fxe2 28. Kxe2 Qe6 29. Rd1 Qg4+ 30. Kf1 Re8 31. Rd4 Qf3 32. Kg1 Qc6 33. Qd1 Re7
34. e4 g6 35. f3 a5 36. Rd8+ Kg7 37. Qd4+ Qf6 38. Rg8+ 1-0

[Event "SR 2. liga A 2002/2003"]
[Site "?"]
[Date "2002.11.10"]
[Round "4.8"]
[White "Lobodas, Andrej"]
[Black "Palka, Miroslav"]
[Result "1-0"]
[WhiteElo "1896"]
[BlackElo "2016"]
[PlyCount "69"]
[EventDate "2002.??.??"]

1. e4 c5 2. Nf3 d6 3. Be2 Nf6 4. d3 Nc6 5. c3 g6 6. O-O Bg7 7. Be3 O-O 8. Qc2
b6 9. Nbd2 Ng4 10. Rfe1 Nxe3 11. fxe3 Bb7 12. d4 Rc8 13. d5 Ne5 14. Nxe5 Bxe5
15. Nf3 Bg7 16. c4 Rc7 17. Rab1 Bc8 18. h3 Bd7 19. Bd3 Rb7 20. Qf2 b5 21. b3 b4
22. Rf1 f5 23. exf5 Bxf5 24. Bxf5 Rxf5 25. Qg3 Bh6 26. e4 Be3+ 27. Kh1 Rf7 28.
Nh4 Bd4 29. Nf5 Bg7 30. Nxg7 Rxf1+ 31. Rxf1 Kxg7 32. e5 Qg8 33. e6 a5 34. Rf7+
Kh8 35. Qe1 1-0

[Event "SR 2. liga A 2002/2003"]
[Site "?"]
[Date "2002.11.10"]
[Round "4.8"]
[White "Mihalik, Milan"]
[Black "Godula, Martin"]
[Result "1-0"]
[WhiteElo "2084"]
[BlackElo "1854"]
[PlyCount "39"]
[EventDate "2002.??.??"]

1. e4 d6 2. d4 Nf6 3. Nc3 g6 4. Nf3 Bg7 5. Bc4 c6 6. O-O O-O 7. h3 b5 8. Bd3 a6
9. Be3 Bb7 10. Qd2 Nbd7 11. Bh6 Qc7 12. Bxg7 Kxg7 13. Rfe1 Nb6 14. e5 Nfd5 15.
Ne4 Rae8 16. Qg5 dxe5 17. dxe5 Nb4 18. Nf6 Nxd3 19. Nh5+ Kh8 20. Qh6 1-0

[Event "SR 2. liga A 2002/2003"]
[Site "?"]
[Date "2002.11.10"]
[Round "4.8"]
[White "Nepras, Martin"]
[Black "Slamena, Michal"]
[Result "1/2-1/2"]
[WhiteElo "1988"]
[BlackElo "1768"]
[PlyCount "193"]
[EventDate "2002.??.??"]

1. d4 Nf6 2. c4 g6 3. Nc3 d5 4. Nf3 Bg7 5. e3 O-O 6. Bd3 dxc4 7. Bxc4 Nbd7 8.
O-O Nb6 9. Bd3 Nfd5 10. Nxd5 Qxd5 11. Qc2 Bg4 12. Be4 Qc4 13. Qxc4 Nxc4 14.
Bxb7 Rab8 15. Bd5 Nxb2 16. Rb1 Na4 17. Bd2 e6 18. Bc6 Nb6 19. Bb4 Rfc8 20. h3
Bxf3 21. gxf3 Bf8 22. Bd2 Nc4 23. Bc3 Rb6 24. Be4 Rcb8 25. Bd3 Na3 26. Rbc1 Nb5
27. Ba5 Ra6 28. Bxc7 Nxc7 29. Rxc7 Rxa2 30. Bc4 Rc2 31. Ra1 Rb4 32. Raxa7 Rbxc4
33. Rxf7 Rb2 34. Rxh7 Rc1+ 35. Kg2 Rcc2 36. Rhd7 Rxf2+ 37. Kg3 Rg2+ 38. Kf4 Rb5
39. Ra8 g5+ 40. Ke4 Rf5 41. d5 Rxd5 42. Rxd5 exd5+ 43. Kxd5 Rg3 44. f4 Rxh3 45.
fxg5 Rxe3 46. Kd4 Rg3 47. Ra5 Be7 48. Ke4 Bxg5 49. Kf5 Be7 50. Ke6 Bf8 51. Kf6
Bg7+ 52. Kf5 Rb3 53. Kg6 Rb6+ 54. Kf5 Bf8 55. Ra7 Bb4 56. Ke5 Kf8 57. Kd5 Be7
58. Ke5 Kf7 59. Ra5 Rh6 60. Ra7 Rh5+ 61. Ke4 Ke6 62. Ra6+ Bd6 63. Ra8 Rh4+ 64.
Kf3 Kf5 65. Ke3 Bc5+ 66. Kd3 Ke5 67. Re8+ Kd5 68. Rd8+ Bd6 69. Ke3 Rh3+ 70. Ke2
Ke5 71. Re8+ Kf4 72. Ra8 Re3+ 73. Kd2 Rh3 74. Ke2 Bc5 75. Ra4+ Ke5 76. Ra8 Kd5
77. Rd8+ Bd6 78. Ra8 Be5 79. Rd8+ Ke4 80. Rf8 Rh7 81. Rf3 Bd4 82. Ra3 Rh2+ 83.
Kd1 Bb2 84. Rb3 Kd4 85. Rg3 Bc3 86. Rf3 Kc4 87. Rg3 Rd2+ 88. Kc1 Kb3 89. Rg8
Re2 90. Rd8 Re1+ 91. Rd1 Re2 92. Rd7 Kc4 93. Rc7+ Kd3 94. Rd7+ Bd4 95. Kb1 Re6
96. Rh7 Rb6+ 97. Ka2 1/2-1/2

[Event "SR 2. liga A 2002/2003"]
[Site "?"]
[Date "2002.11.30"]
[Round "5.1"]
[White "Duriga, Stefan"]
[Black "Flasik, Radoslav"]
[Result "1-0"]
[WhiteElo "2221"]
[BlackElo "2230"]
[PlyCount "113"]
[EventDate "2002.??.??"]

1. d4 Nf6 2. Nf3 g6 3. c4 Bg7 4. Nc3 c5 5. d5 O-O 6. e4 d6 7. Bd3 e6 8. O-O Re8
9. h3 Na6 10. Bg5 h6 11. Be3 Bd7 12. Qd2 g5 13. Rad1 e5 14. g4 Qc8 15. Nh2 Nh7
16. f3 Nf8 17. h4 gxh4 18. Bxh6 Ng6 19. Kh1 Rb8 20. Rf2 b5 21. Bxg7 Kxg7 22.
Nxb5 Bxb5 23. cxb5 c4 24. bxa6 cxd3 25. Qxd3 Nf4 26. Qf1 Qc5 27. Rfd2 Rec8 28.
Qf2 Qxf2 29. Rxf2 Rb6 30. Nf1 Rxa6 31. a3 Rb6 32. Ne3 Kf6 33. Nf5 h3 34. Kh2 a5
35. b4 axb4 36. axb4 Ng6 37. Rb2 Rh8 38. Rdd2 Kg5 39. Kg3 Nh4 40. Nxh4 Rxh4 41.
Rh2 Rh8 42. Rxh3 Rhb8 43. Rh7 Kf6 44. Rbh2 Rg8 45. R2h6+ Ke7 46. Re6+ Kf8 47.
Rf6 Rg7 48. Rxg7 Kxg7 49. g5 Rxb4 50. Rxd6 Rb1 51. Rf6 Rg1+ 52. Kh4 Rd1 53. Rf5
Rf1 54. Kg3 Kg6 55. Rxe5 Rg1+ 56. Kf4 Rd1 57. Rf5 1-0

[Event "SR 2. liga A 2002/2003"]
[Site "?"]
[Date "2002.11.30"]
[Round "5.1"]
[White "Harasta, Vladimir"]
[Black "Banas, Jan"]
[Result "0-1"]
[WhiteElo "2190"]
[BlackElo "2365"]
[PlyCount "112"]
[EventDate "2002.??.??"]

1. c4 Nf6 2. Nc3 d5 3. cxd5 Nxd5 4. Nf3 g6 5. Qa4+ Nc6 6. Ne5 Ndb4 7. a3 Bg7 8.
axb4 Bxe5 9. b5 Nb8 10. e3 Bg7 11. d4 O-O 12. Be2 c6 13. O-O a6 14. bxc6 Nxc6
15. Rd1 Bd7 16. Qb3 b5 17. d5 Na5 18. Qb4 Nb7 19. Qh4 Nd6 20. e4 b4 21. Nb1 a5
22. Nd2 a4 23. Nf3 Rb8 24. e5 Nf5 25. Qe4 Qb6 26. Bf4 Ra8 27. h3 a3 28. bxa3
bxa3 29. g4 Ra4 30. Qd3 Rxf4 31. gxf5 Bxf5 32. Qe3 Qxe3 33. fxe3 Ra4 34. h4 a2
35. Kf2 Rb8 36. Rd4 Ra5 37. Bc4 Rb2+ 38. Rd2 Rxd2+ 39. Nxd2 Bxe5 40. Rxa2 Rxa2
41. Bxa2 Kg7 42. Bc4 f6 43. Be2 h5 44. Bf3 Kh6 45. Bg2 Bd6 46. Ne4 g5 47. hxg5+
fxg5 48. Nd2 g4 49. e4 Bd7 50. Nc4 Bc5+ 51. Kg3 Kg5 52. e5 h4+ 53. Kh2 g3+ 54.
Kh1 h3 55. d6 hxg2+ 56. Kxg2 Kg4 0-1

[Event "SR 2. liga A 2002/2003"]
[Site "?"]
[Date "2002.11.30"]
[Round "5.1"]
[White "Jablonicky, Frantisek"]
[Black "Cvicela, Anton"]
[Result "0-1"]
[WhiteElo "2214"]
[BlackElo "2156"]
[PlyCount "116"]
[EventDate "2002.??.??"]

1. Nf3 d5 2. c4 c6 3. b3 Nf6 4. Bb2 Bf5 5. d3 e6 6. Nh4 dxc4 7. Nxf5 Qa5+ 8.
Qd2 Qxf5 9. bxc4 Na6 10. e4 Qg6 11. Nc3 Rd8 12. O-O-O Bc5 13. e5 Ng4 14. Ne4
Qxe4 15. dxe4 Rxd2 16. Rxd2 Nxf2 17. Rxf2 Bxf2 18. Bd3 Ke7 19. Kd2 Rd8 20. Ke2
Bd4 21. Bxd4 Rxd4 22. Ke3 Rd7 23. Rb1 Nc5 24. Bc2 f6 25. exf6+ Kxf6 26. e5+
Kxe5 27. Bxh7 Rd4 28. Rc1 Rh4 29. Bd3 Rxh2 30. Bf1 Rh4 31. Be2 g5 32. Rf1 Re4+
33. Kd2 Rf4 34. Rh1 Kd4 35. Rh5 Rf2 36. g4 Ne4+ 37. Ke1 Rxe2+ 38. Kxe2 Ng3+ 39.
Kf3 Nxh5 40. gxh5 Ke5 41. Kg4 Kf6 42. a4 c5 43. a5 a6 44. h6 Kg6 45. h7 Kxh7
46. Kxg5 Kg7 47. Kf4 Kf6 48. Ke4 e5 49. Kd5 Kf5 50. Kxc5 e4 51. Kb6 e3 52. Kxb7
e2 53. c5 e1=Q 54. Kxa6 Qc3 55. Kb5 Qb3+ 56. Kc6 Qa4+ 57. Kb6 Qb4+ 58. Ka6 Qxc5
0-1

[Event "SR 2. liga A 2002/2003"]
[Site "?"]
[Date "2002.11.30"]
[Round "5.1"]
[White "Matulik, Daniel"]
[Black "Meszaros, Michal"]
[Result "0-1"]
[WhiteElo "2379"]
[BlackElo "2327"]
[PlyCount "63"]
[EventDate "2002.??.??"]

1. d4 Nf6 2. c4 g6 3. Nf3 Bg7 4. Nc3 d5 5. Qb3 dxc4 6. Qxc4 O-O 7. e4 Na6 8.
Be3 c5 9. d5 e6 10. O-O-O exd5 11. Nxd5 Nxd5 12. exd5 Qb6 13. Rd2 Bf5 14. Nh4
Bd7 15. g4 Qa5 16. Be2 b5 17. Qb3 Rac8 18. Qa3 Qb6 19. Ng2 Nb4 20. h4 a5 21. h5
Rfe8 22. hxg6 hxg6 23. Kb1 Qa6 24. Rdd1 c4 25. Rd4 Nc2 26. Qc3 Nxd4 27. Bxd4 b4
28. Qd2 Rxe2 29. Qxe2 Bxd4 30. Qe7 c3 31. Nf4 Qf6 32. bxc3 0-1

[Event "SR 2. liga A 2002/2003"]
[Site "?"]
[Date "2002.11.30"]
[Round "5.1"]
[White "Novak, Ivan"]
[Black "Bezuch, Martin"]
[Result "1-0"]
[WhiteElo "2338"]
[BlackElo "2106"]
[PlyCount "75"]
[EventDate "2002.??.??"]

1. e4 e5 2. Nf3 Nc6 3. c3 d5 4. d3 Nf6 5. Nbd2 a5 6. Be2 Be7 7. b3 O-O 8. O-O
Re8 9. Bb2 Bf8 10. a3 Bg4 11. h3 Bh5 12. Qc2 Qd7 13. b4 Rad8 14. Rfe1 Kh8 15.
Bf1 dxe4 16. dxe4 Bg6 17. Bb5 Nxb4 18. axb4 Qxb5 19. Rxa5 Qd3 20. Qxd3 Rxd3 21.
Ra7 Red8 22. Re2 Bd6 23. Ne1 Rxd2 24. Rxd2 Bxe4 25. c4 Re8 26. c5 Bf8 27. Nf3
Nh5 28. Nxe5 Kg8 29. f3 Bf5 30. Rxb7 Nf4 31. Rxc7 f6 32. Nc6 Re1+ 33. Kf2 Rb1
34. Bc3 Nd3+ 35. Ke3 Re1+ 36. Re2 Rc1 37. Kd2 g6 38. Ne7+ 1-0

[Event "SR 2. liga A 2002/2003"]
[Site "?"]
[Date "2002.11.30"]
[Round "5.1"]
[White "Tepper, Frantisek"]
[Black "Kleman, Miroslav"]
[Result "1/2-1/2"]
[WhiteElo "2215"]
[BlackElo "2207"]
[PlyCount "41"]
[EventDate "2002.??.??"]

1. e4 d5 2. exd5 Qxd5 3. Nc3 Qa5 4. d4 Nf6 5. Nf3 Nc6 6. Bb5 Nd5 7. Bd2 Nxc3 8.
Bxc6+ bxc6 9. Bxc3 Qd5 10. Qe2 Bg4 11. h3 Bxf3 12. Qxf3 Qxf3 13. gxf3 e6 14.
Rg1 Rb8 15. a4 f6 16. O-O-O Kf7 17. Ba5 Bd6 18. Rd3 Bf4+ 19. Kb1 Rhd8 20. Rg4
Rd5 21. Rxf4 1/2-1/2

[Event "SR 2. liga A 2002/2003"]
[Site "?"]
[Date "2002.11.30"]
[Round "5.2"]
[White "Janos, Martin"]
[Black "Fabry, Robert"]
[Result "1-0"]
[WhiteElo "2175"]
[BlackElo "2210"]
[PlyCount "111"]
[EventDate "2002.??.??"]

1. e4 e5 2. Nf3 Nc6 3. Bc4 Nf6 4. O-O Be7 5. Re1 d6 6. c3 O-O 7. b4 Bg4 8. d3
a5 9. b5 Na7 10. a4 c6 11. bxc6 bxc6 12. Nbd2 Qc7 13. Nf1 Rad8 14. Qe2 Rfe8 15.
h3 Bh5 16. Ng3 Bg6 17. Bb3 Nd7 18. Be3 d5 19. exd5 Nc5 20. Bxc5 Bxc5 21. d4
exd4 22. Qxe8+ Rxe8 23. Rxe8+ Bf8 24. cxd4 cxd5 25. Rae1 Qd7 26. R8e5 Bd6 27.
Rxd5 Kf8 28. Ne5 Qc7 29. Nxg6+ hxg6 30. Ne4 Bb4 31. Re3 Nc8 32. Nc5 Nd6 33. Rf3
Kg8 34. Nd3 Ba3 35. Ne5 Kh7 36. Nxf7 Nxf7 37. Rxf7 Qxf7 38. Rh5+ gxh5 39. Bxf7
h4 40. Kf1 Bb2 41. d5 Be5 42. Ke2 g5 43. Kf3 Kg7 44. Be6 Kf6 45. Kg4 Bd4 46. f4
gxf4 47. Kxh4 Be5 48. Kh5 Bd6 49. Kh6 Bc5 50. h4 Bf2 51. h5 Bc5 52. Kh7 Kg5 53.
Bf7 Kf6 54. Kg8 Kg5 55. Bg6 Kf6 56. Be4 1-0

[Event "SR 2. liga A 2002/2003"]
[Site "?"]
[Date "2002.11.30"]
[Round "5.2"]
[White "Kantorik, Marian"]
[Black "Provaznik, Michal"]
[Result "1/2-1/2"]
[WhiteElo "2364"]
[BlackElo "2237"]
[PlyCount "124"]
[EventDate "2002.??.??"]

1. d4 Nf6 2. c4 e6 3. Nc3 Bb4 4. f3 O-O 5. e4 d6 6. Bd3 Nbd7 7. Nge2 e5 8. a3
Bxc3+ 9. bxc3 c5 10. O-O h6 11. Kh1 Kh7 12. f4 Qe7 13. fxe5 dxe5 14. d5 Ne8 15.
Ng3 Ndf6 16. h3 b6 17. Qe2 Nd6 18. Bd2 Bd7 19. Rf3 g6 20. Raf1 Ng8 21. Kg1 Rac8
22. R1f2 Rb8 23. Nf1 Rbe8 24. Ne3 f6 25. g4 Qg7 26. Kh2 Qe7 27. Qf1 Rf7 28. Rg3
Ref8 29. Qe2 Kh8 30. Ng2 Rg7 31. Ne1 Rff7 32. Rfg2 f5 33. gxf5 gxf5 34. exf5 e4
35. Bc2 Rxg3 36. Rxg3 Nxf5 37. Rg4 e3 38. Bc1 Qe5+ 39. Kg2 Nh4+ 40. Rxh4 Rf2+
41. Qxf2 exf2 42. Kxf2 Qh2+ 43. Ng2 Bxh3 44. Be4 Qe5 45. Bxh6 Nxh6 46. Rxh6+
Kg7 47. Rxh3 Qxe4 48. Rg3+ Kh6 49. Ne3 Kh7 50. Ke2 Qe5 51. Rf3 a6 52. Rf5 Qh2+
53. Kd3 b5 54. Rf6 Qe5 55. Re6 Qf4 56. d6 bxc4+ 57. Nxc4 Qf1+ 58. Re2 Qb1+ 59.
Ke3 Qc1+ 60. Kd3 Qb1+ 61. Ke3 Qc1+ 62. Kd3 Qb1+ 1/2-1/2

[Event "SR 2. liga A 2002/2003"]
[Site "?"]
[Date "2002.11.30"]
[Round "5.2"]
[White "Lahucky, Pavol"]
[Black "Felcir, Jaroslav"]
[Result "0-1"]
[WhiteElo "2165"]
[BlackElo "2223"]
[PlyCount "104"]
[EventDate "2002.??.??"]

1. c4 e5 2. Nc3 Nc6 3. e4 Bc5 4. d3 d6 5. Nf3 a6 6. h3 Nge7 7. Be2 O-O 8. O-O
f5 9. exf5 Nxf5 10. Ne4 Ba7 11. Bg5 Qe8 12. Nh2 Ncd4 13. Bh5 Qe6 14. Rb1 c6 15.
Nc3 Ng3 16. Be3 Nxf1 17. Nxf1 Bd7 18. Ne4 d5 19. Ned2 Kh8 20. b3 Qf6 21. Ng3
Qh4 22. Ndf1 g6 23. Be2 Rf7 24. Rb2 Raf8 25. Qc1 Nxe2+ 26. Rxe2 Bxe3 27. Qxe3
Qf4 28. Qc5 dxc4 29. dxc4 Qd4 30. Qa5 Rxf2 31. Rxf2 Qxf2+ 32. Kh2 Qf4 33. Qc7
Bc8 34. Qe7 h5 35. h4 Qf6 36. Qxf6+ Rxf6 37. Kg1 Rf4 38. Nd2 Rxh4 39. Nf3 Rg4
40. Kf2 e4 41. Ne5 Rf4+ 42. Ke3 Rf6 43. Nxe4 Re6 44. Kd4 Kg7 45. c5 Re7 46. g3
Be6 47. Nd6 g5 48. Nf3 Kh6 49. b4 h4 50. gxh4 g4 51. Ng5 g3 52. Nf3 Bg4 0-1

[Event "SR 2. liga A 2002/2003"]
[Site "?"]
[Date "2002.11.30"]
[Round "5.2"]
[White "Lauf, Pavol"]
[Black "Petreje, Juraj"]
[Result "0-1"]
[WhiteElo "2160"]
[BlackElo "2180"]
[PlyCount "120"]
[EventDate "2002.??.??"]

1. d4 Nf6 2. c4 g6 3. Nc3 Bg7 4. e4 d6 5. Be2 O-O 6. Nf3 e5 7. O-O Nc6 8. d5
Ne7 9. Ne1 Ne8 10. f3 f5 11. Be3 f4 12. Bf2 h5 13. Nd3 Rf7 14. b4 g5 15. c5 Ng6
16. b5 Bf8 17. b6 axb6 18. cxb6 Rg7 19. g4 hxg4 20. fxg4 Rh7 21. Rb1 Qf6 22.
Be1 Qh8 23. Rf2 Nf6 24. Rg2 cxb6 25. Bf3 Nh4 26. Bxh4 Rxh4 27. Rxb6 Qh7 28. Nf2
Qc7 29. Rb3 Qc5 30. Kh1 Be7 31. Qe2 Bd7 32. Nfd1 Ra7 33. Nb5 Ra5 34. Nbc3 b5
35. Nb1 Bd8 36. Rc3 Qb4 37. Rb3 Qd4 38. Rd3 Qa1 39. Rb3 Qd4 40. a3 Bb6 41. Rd3
Qa1 42. Rb3 Bd4 43. Qc2 Bc5 44. Nf2 Ra4 45. Nd3 Rc4 46. Qe2 Qd4 47. Nd2 Rc2 48.
Rb1 Bxa3 49. Ne1 Ra2 50. Rd1 Bb4 51. Nd3 Bc3 52. Nc1 Rxd2 53. Rxd2 Qxd2 54.
Qxd2 Bxd2 55. Rxd2 Nxg4 56. Bxg4 Bxg4 57. Rf2 Rh3 58. Kg2 Rc3 59. Ra2 Bf3+ 60.
Kf2 Bxe4 0-1

[Event "SR 2. liga A 2002/2003"]
[Site "?"]
[Date "2002.11.30"]
[Round "5.2"]
[White "Machalova, Maria"]
[Black "Kundrik, Peter"]
[Result "0-1"]
[WhiteElo "2126"]
[BlackElo "2139"]
[PlyCount "94"]
[EventDate "2002.??.??"]

1. c4 c5 2. Nc3 Nf6 3. g3 d5 4. cxd5 Nxd5 5. Bg2 Nc7 6. d3 e5 7. Nf3 Nc6 8. O-O
Be7 9. Be3 O-O 10. a3 Bd7 11. Rb1 b6 12. b4 cxb4 13. axb4 Bxb4 14. Nxe5 Bxc3
15. Nxc6 Qf6 16. Nxa7 Ba5 17. Bxa8 Rxa8 18. Qb3 Rxa7 19. Rfc1 Rb7 20. Qa2 Qf5
21. Bf4 Ne6 22. Bd2 Ra7 23. Be3 h5 24. Qc4 Rc7 25. Qh4 Rxc1+ 26. Rxc1 b5 27.
Qe7 Qd5 28. Ra1 Bd8 29. Qa3 Bc6 30. f3 h4 31. Kf2 Bc7 32. Rg1 Bd6 33. Qb2 Be5
34. Qb4 Nd4 35. Rc1 hxg3+ 36. hxg3 Bxg3+ 37. Kg2 Nxe2 38. Rxc6 Qxc6 39. Qd2 Be5
40. Qxe2 Qd5 41. Qc2 g6 42. d4 Bf6 43. Qc3 Qa2+ 44. Kg3 Qb1 45. Kf2 b4 46. Qd2
b3 47. Bg5 Qa2 0-1

[Event "SR 2. liga A 2002/2003"]
[Site "?"]
[Date "2002.11.30"]
[Round "5.2"]
[White "Smolen, Jan"]
[Black "Krajnak, Robert"]
[Result "1-0"]
[WhiteElo "2137"]
[BlackElo "2175"]
[PlyCount "45"]
[EventDate "2002.??.??"]

1. c4 c5 2. Nc3 b6 3. Nf3 Bb7 4. e3 Nf6 5. Be2 e6 6. O-O Be7 7. d4 O-O 8. d5
exd5 9. cxd5 d6 10. e4 Nbd7 11. Bf4 Re8 12. Nd2 Bf8 13. Bg3 a6 14. a4 Rb8 15.
f4 Bc8 16. Qc2 g6 17. Rae1 Nh5 18. Bxh5 gxh5 19. Nf3 Nf6 20. e5 dxe5 21. fxe5
Nxd5 22. Nxd5 Qxd5 23. Ng5 1-0

[Event "SR 2. liga A 2002/2003"]
[Site "?"]
[Date "2002.11.30"]
[Round "5.3"]
[White "Abel, Peter"]
[Black "Machalova, Veronika"]
[Result "1-0"]
[WhiteElo "2126"]
[BlackElo "2139"]
[PlyCount "137"]
[EventDate "2002.??.??"]

1. c4 e5 2. Nc3 Nc6 3. g3 g6 4. Bg2 Bg7 5. e3 d6 6. Nge2 f5 7. d4 e4 8. f3 exf3
9. Bxf3 Nf6 10. O-O O-O 11. a3 a5 12. Rb1 Kh8 13. b4 axb4 14. axb4 Ne7 15. d5
Nd7 16. Qb3 Ng8 17. Bd2 Ne5 18. Bg2 Re8 19. Nb5 Nf6 20. Nbd4 Nh5 21. Rbe1 Ng4
22. Qd3 Bd7 23. b5 b6 24. Nf4 Nxf4 25. exf4 Qf6 26. Nf3 Rxe1 27. Rxe1 Ra1 28.
h3 Nh6 29. Rxa1 Qxa1+ 30. Kh2 Nf7 31. Qe2 Qf6 32. Be3 Qe7 33. Qd2 Kg8 34. Nd4
Nd8 35. Bf2 Nb7 36. Nc2 Na5 37. Qd3 Nb7 38. Nb4 Nd8 39. Na6 Bc8 40. Nb4 Bd7 41.
Bf3 Kf8 42. Kg2 Nb7 43. Na6 Qd8 44. Qd2 Bf6 45. Be3 Kf7 46. g4 Qc8 47. g5 Bg7
48. Bd4 Bxd4 49. Qxd4 Qd8 50. h4 Kg8 51. h5 gxh5 52. Bxh5 Bc8 53. Qe3 Nc5 54.
Nb4 Bd7 55. Bd1 Qf8 56. Na6 Qd8 57. Bc2 Bc8 58. Nb4 Bd7 59. Kf2 Qa8 60. Qc3 Qe8
61. Na6 Qc8 62. Qf6 Nb7 63. Qe7 Na5 64. Nxc7 Qxc7 65. Bxf5 Qxc4 66. Qxh7+ Kf8
67. Qh8+ Kf7 68. g6+ Ke7 69. Qg7+ 1-0